Normal view
MARC view
- Francis, Dave
Entry Personal Name
001 - CONTROL NUMBER
- control field: 7015
003 - CONTROL NUMBER IDENTIFIER
- control field: OSt
005 - DATE AND TIME OF LATEST TRANSACTION
- control field: 20170523100408.0
008 - FIXED-LENGTH DATA ELEMENTS
- fixed length control field: 170523|| aca||aabn | a|a d
040 ## - CATALOGING SOURCE
- Original cataloging agency: OSt
- Transcribing agency: OSt
100 ## - HEADING--PERSONAL NAME
- Personal name: Francis, Dave
- Dates associated with a name: 1941-
670 ## - SOURCE DATA FOUND
- Source citation: Work cat.: (OSt): Francis, Dave 1941-, Unblocking organizational communication , c1987.

PORTAL AKMAL
E-MEL JKDM
AKMAL2U
G-BAM
u-PUSTAKA